| 000 | 00951nam a22001817a 4500 | ||
|---|---|---|---|
| 005 | 20260123084145.0 | ||
| 008 | 230721b ||||| |||| 00| 0 eng d | ||
| 040 |
_cSSBUL _dSSBUL |
||
| 082 |
_223 _a၈၉၅.၈၄ မြ ၁၆၀၄၃ (S-SAT) |
||
| 100 |
_aမြကြိုင်၊ _cမောင်၊ _gကြူရတနာ။ _928267 |
||
| 245 |
_aစာပေယဉ်ကျေးမှု ဆောင်းပါးများ / _cကြူရတနာမောင်မြကြိုင်။ |
||
| 260 |
_aရန်ကုန်၊ _bရှင်မတောင်စာပေ၊ _c၂၀၀၄။ |
||
| 300 |
_a၁၃၄ စာမျက်နှာ၊ _bဓာတ်ပုံများ၊ _c၁၈ စင်တီ။ |
||
| 500 | _aS-SAT: Dr. Prof Sai Aung Tun | ||
| 650 |
_aမြန်မာဆောင်းပါး။ _99185 |
||
| 650 |
_aမြန်မာစာပေ _vဆောင်းပါး။ _928268 |
||
| 942 |
_2ddc _cBK1 |
||
| 999 |
_c27432 _d27432 |
||